01240nam a2200241 a 4500001001000000003000900010005001700019008004100036040002500077082001600102100003900118245012600157260004400283300001900327490011100346500007900457700004200536710015800578830011800736942001300854952011400867999001700981000028901DO-SdBNP20250306130612.0110412s1987 dr 000 0 spa d aDO-SdBNPbspacBNPHU axxxxbA815z1 aAscuasiati de Alfau, Carmen92587010aZoonosis por hymenolepis diminuta en República Dominicana /cCarmen Ascuasiati de Alfau, Aracelis Germán Rodríguez. aSanto Domingo :bUniversitaria ,c1987. a18 p ;c21 cm.1 aPublicaciones de la Universidad Autónoma de Santo Domingovno. 584 .aTemas de parásitología,vno. 8 aTrabajo presentado en el 2 Congreso de Microbiología Santo Domingo, 19821 aGermán Rodríguez, Aracelis9258751 aUniversidad Autónoma de Santo Domingo972951b Facultad de Ciencia, Departamento de Microbiología y Parasitología, Registro Nacional de Parásitos 0aPublicaciones de la Universidad Autónoma de Santo Domingo ;nno. 584pTemas de parásitología,nno. 8955864 2ddccLF2 0010718PDaPDbPDcCTd2011-04-12iLF1l0oxxxx A815zp28901-10r2020-06-25w2020-06-25yLFPDZNo se presta c28393d28393